System of a Down Quiz - Statistics

General Stats
  • This quiz has been taken 304 times
  • The average score is 7 of 10
Answer Stats
Question Answer % Correct
What ethnicity are the band members? Armenian
98%
What is their most popular song? Chop Suey!
98%
Which of these is not a System of a Down album? Paranoid
97%
How many studio albums did they make? 5
93%
Where did the band form? California, USA
77%
How many music videos do they have? 13
61%
Who was the original drummer? Andy Khachaturian
59%
When did the band form? 1994
58%
When did the band go on hiatus? 2006
58%
How long did the hiatus last? 4 years
30%
No matching quizzes found
Score Distribution
Percent of People with Each Score
Percentile by Number Answered
Your Score History
You have not taken this quiz